Central Library OPAC University of Rajshahi

Studies in analytical psychology / (Record no. 29132)

MARC details
000 -LEADER
fixed length control field 00695nam a22002292a 4500
001 - CONTROL NUMBER
control field 29132
003 - CONTROL NUMBER IDENTIFIER
rucl marc code BD-RjUL
005 - DATE AND TIME OF LATEST TRANSACTION
control field 20211209051357.0
008 - FIXED-LENGTH DATA ELEMENTS--GENERAL INFORMATION
fixed length control field 140402s1948 enka b 001 0 eng d
035 ## - SYSTEM CONTROL NUMBER
System control number (BD-RjUL)29217
040 ## - CATALOGING SOURCE
Original cataloging agency DLC
Transcribing agency OKG
Modifying agency BD-RjUL
Language of cataloging eng
041 ## - LANGUAGE CODE
Language code of text/sound track or separate title eng
082 00 - DEWEY DECIMAL CLASSIFICATION NUMBER
Classification number 131.34
Author mark and year ADS 1948
100 1# - MAIN ENTRY--PERSONAL NAME
Personal name Adler, Gerhard,
Dates associated with a name 1904-
9 (RLIN) 88947
245 10 - TITLE STATEMENT
Title Studies in analytical psychology /
Statement of responsibility, etc. Gerhard Adler.
260 ## - PUBLICATION, DISTRIBUTION, ETC. (IMPRINT)
Place of publication, distribution, etc. London :
Name of publisher, distributor, etc. Routledge & K. Paul,
Date of publication, distribution, etc. 1948 [ Reprint 1968]
300 ## - PHYSICAL DESCRIPTION
Pagination vii, 214 p. :
Illustrations ill. ;
Size 23 cm.
504 ## - BIBLIOGRAPHY, ETC. NOTE
Bibliography, etc Includes bibliographical references and index.
650 #0 - SUBJECT ADDED ENTRY--TOPICAL TERM
Topical term or geographic name as entry element Psychology, Pathological.
9 (RLIN) 88948
942 ## - ADDED ENTRY ELEMENTS (KOHA)
Source of classification or shelving scheme Dewey Decimal Classification
Koha item type Books
Holdings
Lost status Source of classification or shelving scheme Damaged status Not for loan Collection code Permanent Location Current Location Shelving location Date acquired Source of acquisition Cost, normal purchase price Total Checkouts Full call number Date last seen Copy number Koha item type
  Dewey Decimal Classification     Non-fiction Central Library, University of Rajshahi Central Library, University of Rajshahi   03/02/1956 A. B. C. 18.11   131.34 ADS 1948 02/04/2014 C-3 Books
  Dewey Decimal Classification     Non-fiction Central Library, University of Rajshahi Central Library, University of Rajshahi   15/12/1970 sweit & zeitlinger 123.00   131.34 ADS 1968 23/11/2016 C-2 Books